English Phrasal Verbs in Use: 70 units of vocabulary reference and practice Self-study and classroom use

Xehetasun bibliografikoak
Egile nagusia: McCarthy M. Michael
Beste egile batzuk: O'Dell F. Felicity
Hizkuntza:ingelesa
Argitaratua: New York, Cambridge University Press, 2007
Gaiak:
Formatua: MixedMaterials Liburua
KOHA link:https://koha.lib.tpu.ru/cgi-bin/koha/opac-detail.pl?biblionumber=209918

MARC

LEADER 00000nam0a2200000 4500
001 209918
005 20231031191914.0
010 |a 9780521527279 
035 |a (RuTPU)RU\TPU\book\229270 
035 |a RU\TPU\book\68370 
090 |a 209918 
100 |a 20120217d2007 m y0engy50 ba 
101 0 |a eng 
102 |a US 
105 |a a j 000zy 
200 1 |a English Phrasal Verbs in Use  |e 70 units of vocabulary reference and practice Self-study and classroom use  |f M. McCarthy, F. O'Dell 
210 |a New York  |c Cambridge University Press  |d 2007 
215 |a 206 p.  |c il. 
610 1 |a грамматика 
610 1 |a глаголы 
610 1 |a фразеология 
610 1 |a упражнения 
610 1 |a разговорная лексика 
610 1 |a разговорные темы 
610 1 |a разговорный язык 
686 |a Ш143.21-923.3  |v LBC/SL-A  |2 rubbk 
700 1 |a McCarthy  |b M.  |g Michael 
701 1 |a O'Dell  |b F.  |g Felicity 
801 1 |a RU  |b 63413507  |c 20040531  |g PSBO 
801 2 |a RU  |b 63413507  |c 20120712  |g PSBO 
942 |c BK